[Event "Mittelfranken-chTB1 0809"]
[Site "Mittelfranken"]
[Date "2009.02.08"]
[Round "6.2"]
[White "Erlbeck, Peter"]
[Black "Maettig, Stefan"]
[Result "1/2-1/2"]
[WhiteElo "2062"]
[BlackElo "1984"]
[PlyCount "67"]
[EventDate "2008.10.12"]
[EventType "team"]
[EventRounds "9"]
[EventCountry "GER"]
[SourceTitle "EXT 2011"]
[Source "ChessBase"]
[SourceDate "2010.11.26"]
[SourceVersion "1"]
[SourceVersionDate "2010.11.26"]
[SourceQuality "1"]
[WhiteTeam "Nuernberg Sued SW II"]
[BlackTeam "Nuernberg NT III"]
[WhiteTeamCountry "GER"]
[BlackTeamCountry "GER"]

1. e4 d6 2. g3 e5 3. Bg2 Nf6 4. c3 c5 5. d3 Be7 6. Nf3 Nc6 7. 0-0 0-0 8. Nbd2 d5 9. Qc2 dxe4 10. dxe4 Qc7 11. Nc4 Ng4 12. h3 Be6 13. Na3 Nf6 14. Ng5 Bc8 15. Be3 h6 16. Nf3 Be6 17. Rfd1 Rfd8 18. Nh4 Rxd1+ 19. Rxd1 Rd8 20. Nf5 Bf8 21. b3 Rxd1+ 22. Qxd1 Qa5 23. Qc1 c4 24. b4 Qa4 25. Bf3 b5 26. g4 Qa6 27. Qb2 Nb8 28. Bg2 Nbd7 29. Nb1 Ne8 30. Qd2 Nef6 31. Ng3 Bd6 32. a3 Bc7 33. Kh2 Qb7 34. Qc2 1/2-1/2

[Event "Landesliga Nord 0708"]
[Site "Bayern"]
[Date "2008.02.17"]
[Round "6.7"]
[White "Maettig, Stefan"]
[Black "Maurer, Heinrich"]
[Result "0-1"]
[WhiteElo "2036"]
[BlackElo "2079"]
[PlyCount "102"]
[EventDate "2007.10.21"]
[EventType "team-tourn"]
[EventRounds "9"]
[EventCountry "GER"]
[SourceTitle "EXT 2009"]
[Source "ChessBase"]
[SourceDate "2008.11.26"]
[SourceVersion "1"]
[SourceVersionDate "2008.11.26"]
[SourceQuality "1"]
[WhiteTeam "Nuernberg NT II"]
[BlackTeam "Kelheim"]
[WhiteTeamCountry "GER"]
[BlackTeamCountry "GER"]

1. e4 c5 2. Nf3 e6 3. d4 cxd4 4. Nxd4 Nc6 5. Nc3 Qc7 6. Nxc6 bxc6 7. Bd3 Nf6 8. 0-0 a5 9. Qe2 e5 10. Bg5 Be7 11. Na4 Rb8 12. c4 d6 13. Rac1 Be6 14. b3 h6 15. Bd2 0-0 16. Rfe1 Rfd8 17. Bb1 Nd7 18. Qh5 Nf6 19. Qe2 Nh7 20. c5 dxc5 21. Nxc5 Bg4 22. f3 Rxd2 23. Qxd2 Bg5 24. Qf2 Bxc1 25. Na6 Qb7 26. Nxb8 Ba3 27. fxg4 Qxb8 28. Rf1 Nf6 29. h3 Qd6 30. Qe2 Bc5+ 31. Kh1 Bd4 32. Bd3 Qb4 33. Bc4 Qc3 34. Bd3 Ne8 35. Qf3 Nf6 36. h4 Qd2 37. Qf5 Qxd3 38. g5 Qxe4 39. gxf6 Qxh4+ 40. Qh3 Qxh3+ 41. gxh3 g5 42. h4 gxh4 43. a3 c5 44. Rf5 Kh7 45. Rh5 Kg6 46. Rxh4 Kg5 47. Rh2 e4 48. Re2 Kf4 49. Kg2 e3 50. Rc2 Ke4 51. Kf1 Kd3 0-1

[Event "Mittelfranken Mitte-ch 0708"]
[Site "Zirndorf"]
[Date "2008.01.19"]
[Round "7"]
[White "Maettig, Stefan"]
[Black "Strobel, Norbert"]
[Result "1/2-1/2"]
[WhiteElo "2036"]
[BlackElo "2011"]
[PlyCount "28"]
[EventDate "2008.01.04"]
[EventType "swiss"]
[EventRounds "7"]
[EventCountry "GER"]
[SourceTitle "EXT 2015"]
[Source "ChessBase"]
[SourceDate "2014.11.20"]
[SourceVersion "1"]
[SourceVersionDate "2014.11.20"]
[SourceQuality "1"]

1. e4 c6 2. d3 g6 3. Nf3 Bg7 4. g3 e5 5. Bg2 Ne7 6. 0-0 0-0 7. Re1 d6 8. c3 a5 9. Nbd2 Na6 10. d4 h6 11. b3 Be6 12. Bb2 Qc7 13. c4 c5 14. d5 Bd7 1/2-1/2

[Event "Mittelfranken Mitte-ch 0708"]
[Site "Zirndorf"]
[Date "2008.01.05"]
[Round "2"]
[White "Maettig, Stefan"]
[Black "Lais, Thomas"]
[Result "0-1"]
[WhiteElo "2036"]
[BlackElo "1809"]
[PlyCount "60"]
[EventDate "2008.01.04"]
[EventType "swiss"]
[EventRounds "7"]
[EventCountry "GER"]
[SourceTitle "EXT 2015"]
[Source "ChessBase"]
[SourceDate "2014.11.20"]
[SourceVersion "1"]
[SourceVersionDate "2014.11.20"]
[SourceQuality "1"]

1. e4 c5 2. Nf3 d6 3. d4 cxd4 4. Nxd4 Nf6 5. Nc3 a6 6. Bg5 e6 7. f4 Nbd7 8. Qf3 Qc7 9. 0-0-0 b5 10. g4 Bb7 11. Bxf6 Nxf6 12. g5 b4 13. gxf6 bxc3 14. bxc3 gxf6 15. Bd3 Qa5 16. Rhg1 Rc8 17. Ne2 d5 18. Rg3 Ba3+ 19. Kd2 d4 20. Rdg1 dxc3+ 21. Ke1 Ke7 22. Rh3 Bc5 23. Rg7 Qxa2 24. Kf1 Qb1+ 25. Kg2 Qe1 26. Rhxh7 Rxh7 27. Rxh7 Rg8+ 28. Ng3 Qg1+ 29. Kh3 f5 30. Qh5 Rxg3+ 0-1

[Event "Mittelfranken-ch HT 55th"]
[Site "Postbauer"]
[Date "2006.04.13"]
[Round "6.8"]
[White "Maettig, Stefan"]
[Black "Woerl, Richard"]
[Result "1-0"]
[WhiteElo "2007"]
[BlackElo "1961"]
[PlyCount "61"]
[EventDate "2006.04.11"]
[EventType "swiss"]
[EventRounds "9"]
[EventCountry "GER"]
[SourceTitle "EXT 2011"]
[Source "ChessBase"]
[SourceDate "2010.11.26"]
[SourceVersion "1"]
[SourceVersionDate "2010.11.26"]
[SourceQuality "1"]

1. e4 c5 2. Nf3 b6 3. Nc3 Bb7 4. Bc4 e6 5. 0-0 Be7 6. d4 cxd4 7. Qxd4 a6 8. Re1 Qc7 9. Bb3 f6 10. Qd3 Nc6 11. Be3 Bc5 12. Bxc5 bxc5 13. Rad1 Na5 14. Ba4 Bc6 15. Bxc6 Qxc6 16. e5 f5 17. Qe3 h6 18. Rd6 Qc7 19. Qe2 Nc6 20. Red1 Nb8 21. Nh4 h5 22. Qf3 Ra7 23. Qg3 Ne7 24. Ne2 Qb7 25. Nf4 g5 26. Qxg5 Qe4 27. Nhg6 Rh7 28. Nxe7 Rf7 29. Nfg6 Rg7 30. Qf6 Kd8 31. Nc6+ 1-0